| 000 | 01793cam a2200457 a 4500 | ||
|---|---|---|---|
| 001 | 149963 | ||
| 003 | NUST-PNEC | ||
| 005 | 20170116180737.0 | ||
| 008 | 980709s1999 inua 001 0 eng | ||
| 010 | _a 98086859 | ||
| 020 | _a0789718421 | ||
| 020 | _a8120315812 | ||
| 035 | _a(DLC) 98086859 | ||
| 040 | _cPNEC | ||
| 050 | 0 | 0 |
_aHF5548.4.M525 _bB6823 1999b |
| 082 | 0 | 0 |
_a005.36921 BOT _221 |
| 100 | 1 | _aBott, Ed. | |
| 245 | 1 | 0 |
_aUsing Microsoft Office 2000 / _cEd Bott, Woody Leonhard. |
| 246 | 3 | 0 | _aSpecial edition using Microsoft Office 2000 |
| 246 | 3 | 0 | _aMicrosoft Office 2000 |
| 246 | 1 |
_iTitle from t.p. of inserted booklet: _aUsing WOPR 2000 pack |
|
| 250 | _aSpecial ed. | ||
| 260 |
_aIndianapolis, Ind. : _bQue, _c[c1999] |
||
| 300 |
_axxviii, 1473 p. : _bill. ; _c23 cm. |
||
| 500 | _aDisc includes the WOPR 2000 pack, supplementary chapters from other special edition using books on Office 2000 applications, clip art, trial version of Microsoft Project 98, and more. | ||
| 500 | _aIncludes index. | ||
| 630 | 0 | 0 | _aMicrosoft Office. |
| 630 | 0 | 0 | _aMicrosoft Word. |
| 630 | 0 | 0 | _aMicrosoft Excel (Computer file) |
| 630 | 0 | 0 | _aMicrosoft Outlook. |
| 630 | 0 | 0 | _aMicrosoft Access. |
| 630 | 0 | 0 | _aMicrosoft PowerPoint (Computer file) |
| 630 | 0 | 0 | _aMicrosoft Publisher. |
| 630 | 0 | 0 | _aMicrosoft PhotoDraw. |
| 650 | 0 |
_aBusiness _xComputer , MIS |
|
| 700 | 1 | _aLeonhard, Woody. | |
| 856 | _uhttp://www.amazon.com/Special-Using-Microsoft-Office-2000/dp/0789718421/ref=sr_1_1?s=books&ie=UTF8&qid=1417087219&sr=1-1&keywords=USING+MICROSOFT+OFFICE+2000 | ||
| 906 |
_a7 _bcbc _corignew _d2 _eopcn _f19 _gy-gencatlg |
||
| 942 |
_2ddc _cBK |
||
| 999 |
_c62015 _d62015 |
||